000 00859cam a2200277 i 4500
001 1323950
003 EG-ScBUE
005 20240821144122.0
008 710121s2000 onc f b 001 0 eng d
020 _a1551111306
020 _a9781551111308
040 _aDLC
_beng
_erda
_cDLC
_dDLC
_dEG-ScBUE
082 0 4 _a501
_222
_bMAR
100 1 _aMartin, Robert M.,
_eauthor.
_94650
245 1 4 _aScientific thinking /
_cby Robert M. Martin.
264 1 _aToronto, Ontario :
_bBroadview Press,
_c2000.
300 _aviii, 333 pages ;
_c24 cm
336 _2rdacontent
_atext
_btxt
337 _aunmediated
_2rdamedia
_bn
338 _avolume
_bnc
_2rdacarrier
504 _aIncludes bibliographical references and index.
650 7 _aTheory (Philosophy)
_2BUEsh
_94651
650 7 _aScience
_xPhilosophy.
_2BUEsh
_94652
655 _vReading book
942 _2ddc
_cBB
999 _c11514
_d11514